La construcción de cultura política en Colombia: proyectos hegemónicos y resistencias culturales

保存先:
書誌詳細
主要な著者: Herrera C., Martha Cecilia (著者), Pinilla Díaz, Alexis V (著者), Díaz Soler, Carlos Jilmar (著者), Infante Acevedo, Raúl (著者)
フォーマット: 図書
言語:スペイン語
出版事項: Bogotá Universidad Pedagógica Nacional 2005
版:1a. ed
主題:
タグ: タグ追加
タグなし, このレコードへの初めてのタグを付けませんか!

MARC

LEADER 00000nam a2200000 a 4500
001 UCK5596
003 CL-VaPUC
008 050805e20050000ck |||||||||||||||||spa|d
020 |a 9588226384 
082 0 4 |a 306.2  |b HER  |2 21 
100 |a Herrera C., Martha Cecilia  |e author  |9 360187 
700 0 |a Pinilla Díaz, Alexis V  |e author  |9 494443 
700 0 |a Díaz Soler, Carlos Jilmar  |e author  |9 494444 
700 0 |a Infante Acevedo, Raúl  |e author  |9 494445 
245 1 3 |a La construcción de cultura política en Colombia: proyectos hegemónicos y resistencias culturales 
250 |a 1a. ed 
300 |a 313 p 
942 |c BK 
945 |d 20050805 00:00:00  |a jcarroza 
260 |a Bogotá  |b Universidad Pedagógica Nacional  |c 2005 
650 0 |a Cultura política  |9 257401 
650 0 |a Educación cívica  |9 314665 
650 0 |a Educación pública  |9 309676 
651 0 |a Colombia  |9 256424 
583 |a last modification  |c 20171220 04:33:37  |k Rodrigo Vera 
999 |c 314097  |d 314095 
952 |0 0  |1 0  |4 0  |6 306_200000000000000_HER_2005  |7 0  |8 A  |9 386008  |a BIBEDU  |b BIBEDU  |d 2019-11-22  |i 4150309  |o 306.2 HER 2005  |p 4150309  |r 2019-11-22  |w 2019-11-22  |y BK  |k EDU